División político administrativa de Colombia 1988 / (Registro nro. 6222)

Detalles MARC
000 -LEADER
fixed length control field 00869nam a2200217Ia 4500
003 - CONTROL NUMBER IDENTIFIER
control field OSt
005 - DATE AND TIME OF LATEST TRANSACTION
control field 20200918163005.0
008 - FIXED-LENGTH DATA ELEMENTS--GENERAL INFORMATION
fixed length control field 191128s1988 ck ab gr 000 0 spa d
040 ## - CATALOGING SOURCE
Original cataloging agency CO-JMCR
Transcribing agency CO-JMCR
041 0# - LANGUAGE CODE
Language code of text/sound track or separate title spa
082 04 - DEWEY DECIMAL CLASSIFICATION NUMBER
Classification number 912.861 /
Item number D262d1
Edition number 23
110 2# - MAIN ENTRY--CORPORATE NAME
Corporate name or jurisdiction name as entry element Colombia.
Subordinate unit Departamento Administrativo Nacional de Estadística, Dane
9 (RLIN) 10536
245 10 - TITLE STATEMENT
Title División político administrativa de Colombia 1988 /
Statement of responsibility, etc. Elaborado por Banco Nacional de Datos ; Departamento Administrativo Nacional de Estadística
260 ## - PUBLICATION, DISTRIBUTION, ETC.
Place of publication, distribution, etc. Bogotá :
Name of publisher, distributor, etc. Dane,
Date of publication, distribution, etc. 1988
300 ## - PHYSICAL DESCRIPTION
Extent 234 páginas :
Other physical details mapas ;
Dimensions 27 cm.
505 0# - FORMATTED CONTENTS NOTE
Formatted contents note Departamentos -- Intendencias -- Comisarías
650 14 - SUBJECT ADDED ENTRY--TOPICAL TERM
Topical term or geographic name entry element División político administrativa
General subdivision municipios
9 (RLIN) 10539
650 14 - SUBJECT ADDED ENTRY--TOPICAL TERM
Topical term or geographic name entry element Municipios
General subdivision distribución geográfica
Form subdivision departamentos
9 (RLIN) 10540
710 2# - ADDED ENTRY--CORPORATE NAME
Corporate name or jurisdiction name as entry element Banco Nacional de Datos
9 (RLIN) 10541
942 ## - ADDED ENTRY ELEMENTS (KOHA)
Source of classification or shelving scheme Dewey Decimal Classification
Koha item type Books
Existencias
Withdrawn status Lost status Source of classification or shelving scheme Damaged status Not for loan Collection code Home library Current library Date acquired Source of acquisition Full call number Barcode Date last seen Copy number Koha item type Public note
    Dewey Decimal Classification     Non-fiction Biblioteca Pública José María del Castillo y Rada Biblioteca Pública José María del Castillo y Rada 04/15/2018 Donación 912.861 / D262d1 430012220 05/16/2024 Ej.1 Books Primeras dos hojas sueltas.